Central Library OPAC University of Rajshahi

Economic issues and policies : (Record no. 58156)

MARC details
000 -LEADER
fixed length control field 00882cam a2200277 i 4500
001 - CONTROL NUMBER
control field 58156
003 - CONTROL NUMBER IDENTIFIER
rucl marc code BD-RjUL
005 - DATE AND TIME OF LATEST TRANSACTION
control field 20211209080606.0
008 - FIXED-LENGTH DATA ELEMENTS--GENERAL INFORMATION
fixed length control field 161217s1975 mau b 000 0 eng
020 ## - INTERNATIONAL STANDARD BOOK NUMBER
International Standard Book Number 0395198240
035 ## - SYSTEM CONTROL NUMBER
System control number (BD-RjUL) 58280
040 ## - CATALOGING SOURCE
Original cataloging agency DLC
Transcribing agency DLC
Modifying agency DLC
Language of cataloging eng
041 ## - LANGUAGE CODE
Language code of text/sound track or separate title eng
082 00 - DEWEY DECIMAL CLASSIFICATION NUMBER
Classification number 330
Edition number 23
Author mark and year ECO 1975
245 00 - TITLE STATEMENT
Title Economic issues and policies :
Remainder of title readings in introductory economics /
Statement of responsibility, etc. edited by John E. Elliott, Arthur Grey.
250 ## - EDITION STATEMENT
Edition statement 3d ed.
260 ## - PUBLICATION, DISTRIBUTION, ETC. (IMPRINT)
Place of publication, distribution, etc. Boston :
Name of publisher, distributor, etc. Houghton Mifflin,
Date of publication, distribution, etc. [1975]
300 ## - PHYSICAL DESCRIPTION
Pagination xvi, 530 p. ;
Size 24 cm.
500 ## - GENERAL NOTE
General note First-2d ed. by A. L. Grey and J. E. Elliott.
504 ## - BIBLIOGRAPHY, ETC. NOTE
Bibliography, etc Includes bibliographical references.
650 #0 - SUBJECT ADDED ENTRY--TOPICAL TERM
Topical term or geographic name as entry element Economics.
9 (RLIN) 170576
700 1# - ADDED ENTRY--PERSONAL NAME
Personal name Grey, Arthur L.
Personal name Elliott, John E.
942 ## - ADDED ENTRY ELEMENTS (KOHA)
Source of classification or shelving scheme Dewey Decimal Classification
Koha item type Books
Holdings
Lost status Source of classification or shelving scheme Damaged status Not for loan Collection code Permanent Location Current Location Shelving location Date acquired Total Checkouts Full call number Date last seen Copy number Koha item type
  Dewey Decimal Classification   Not For Loan Non-fiction Central Library, University of Rajshahi Central Library, University of Rajshahi Reading Room 24/06/1989   330 ECO 1975 17/12/2016 C-1 Books